000 01126cam a2200289 a 4500
999 _c234170
_d234170
001 13145551
003 Nust
005 20170315100702.0
008 030402s2002 enk 000 1 eng
010 _a 2003267672
020 _a9780099570233
040 _aDLC
_cDLC
_dDLC
043 _ae-uk-en
050 0 0 _aPR6116.E17
_bI2 2002b
082 0 0 _a823.92
_bPEA
100 1 _aPearson, Allison,
_d1960-
245 1 0 _aI don't know how she does it :
_ba comedy about failure, a tragedy about success /
_cby Allison Pearson.
260 _aLondon :
_bChatto & Windus,
_c2002.
300 _a384 p. ;
_c23 cm.
650 0 _aWorking mothers
_vFiction.
650 0 _aChildren of working mothers
_vFiction.
650 0 _aMother and child
_vFiction.
651 0 _aLondon (England)
_vFiction.
655 7 _aDomestic fiction.
_2lcsh
906 _a7
_bcbc
_corigcop
_d2
_encip
_f20
_gy-gencatlg
942 _2ddc
_cBK